<?xml version="1.0" encoding="UTF-8"?><marc:collection xmlns:marc="http://www.loc.gov/MARC21/slim">
  <marc:record>
    <marc:leader>00000nam  2200000zi 4500</marc:leader>
    <marc:controlfield tag="001">9.946758</marc:controlfield>
    <marc:controlfield tag="003">CaOODSP</marc:controlfield>
    <marc:controlfield tag="005">20250121091805</marc:controlfield>
    <marc:controlfield tag="006">m     o  d f      </marc:controlfield>
    <marc:controlfield tag="007">cr bn|||||||||</marc:controlfield>
    <marc:controlfield tag="008">250110s1965    onca    obu  f001 0 fre d</marc:controlfield>
    <marc:datafield tag="040" ind1=" " ind2=" ">
      <marc:subfield code="a">CaOODSP</marc:subfield>
      <marc:subfield code="b">fre</marc:subfield>
      <marc:subfield code="e">rda</marc:subfield>
      <marc:subfield code="c">CaOODSP</marc:subfield>
    </marc:datafield>
    <marc:datafield tag="043" ind1=" " ind2=" ">
      <marc:subfield code="a">n-cn---</marc:subfield>
    </marc:datafield>
    <marc:datafield tag="086" ind1="1" ind2=" ">
      <marc:subfield code="a">NR24-28/1965-7F-PDF</marc:subfield>
    </marc:datafield>
    <marc:datafield tag="245" ind1="0" ind2="0">
      <marc:subfield code="a">Normes de construction pour les handicapés 1965 : </marc:subfield>
      <marc:subfield code="b">supplément no 7 du Code national du bâtiment du Canada / </marc:subfield>
      <marc:subfield code="c">publié par le Comité associé sur le Code national du bâtiment.</marc:subfield>
    </marc:datafield>
    <marc:datafield tag="246" ind1="1" ind2="0">
      <marc:subfield code="a">Supplément no 7 du Code national du bâtiment du Canada</marc:subfield>
    </marc:datafield>
    <marc:datafield tag="264" ind1=" " ind2="1">
      <marc:subfield code="a">Ottawa, Canada : </marc:subfield>
      <marc:subfield code="b">Conseil national de recherches, </marc:subfield>
      <marc:subfield code="c">1965.</marc:subfield>
    </marc:datafield>
    <marc:datafield tag="300" ind1=" " ind2=" ">
      <marc:subfield code="a">1 ressource en ligne (20 pages, 2 pages non numérotées) : </marc:subfield>
      <marc:subfield code="b">illustrations</marc:subfield>
    </marc:datafield>
    <marc:datafield tag="336" ind1=" " ind2=" ">
      <marc:subfield code="a">texte</marc:subfield>
      <marc:subfield code="b">txt</marc:subfield>
      <marc:subfield code="2">rdacontent/fre</marc:subfield>
    </marc:datafield>
    <marc:datafield tag="337" ind1=" " ind2=" ">
      <marc:subfield code="a">informatique</marc:subfield>
      <marc:subfield code="b">c</marc:subfield>
      <marc:subfield code="2">rdamedia/fre</marc:subfield>
    </marc:datafield>
    <marc:datafield tag="338" ind1=" " ind2=" ">
      <marc:subfield code="a">ressource en ligne</marc:subfield>
      <marc:subfield code="b">cr</marc:subfield>
      <marc:subfield code="2">rdacarrier/fre</marc:subfield>
    </marc:datafield>
    <marc:datafield tag="500" ind1=" " ind2=" ">
      <marc:subfield code="a">Publié aussi en anglais sous le titre : Building standards for the handicapped 1965 : supplement no. 7 to the National Building Code of Canada.</marc:subfield>
    </marc:datafield>
    <marc:datafield tag="504" ind1=" " ind2=" ">
      <marc:subfield code="a">Comprend des références bibliographiques (page 3) et un index.</marc:subfield>
    </marc:datafield>
    <marc:datafield tag="520" ind1=" " ind2=" ">
      <marc:subfield code="a">« En tant que supplément au Code national du bâtiment du Canada, cet ouvrage ne doit pas être appliqué automatiquement à la lettre lorsque le Code est adopté par les gouvernements fédéral, provinciaux et municipaux. Ce supplément est essentiellement un guide à l'usage des personnes intéressées au calcul et à la construction de bâtiments spécialement agencés pour les physiquement handicapés » -- Avant-propos, page 1.</marc:subfield>
    </marc:datafield>
    <marc:datafield tag="650" ind1=" " ind2="6">
      <marc:subfield code="a">Construction</marc:subfield>
      <marc:subfield code="x">Droit</marc:subfield>
      <marc:subfield code="z">Canada</marc:subfield>
      <marc:subfield code="v">Codes.</marc:subfield>
    </marc:datafield>
    <marc:datafield tag="650" ind1=" " ind2="6">
      <marc:subfield code="a">Constructions</marc:subfield>
      <marc:subfield code="x">Normes</marc:subfield>
      <marc:subfield code="z">Canada.</marc:subfield>
    </marc:datafield>
    <marc:datafield tag="650" ind1=" " ind2="6">
      <marc:subfield code="a">Accessibilité aux personnes handicapées</marc:subfield>
      <marc:subfield code="x">Droit</marc:subfield>
      <marc:subfield code="z">Canada.</marc:subfield>
    </marc:datafield>
    <marc:datafield tag="710" ind1="2" ind2=" ">
      <marc:subfield code="a">Conseil national de recherches Canada. </marc:subfield>
      <marc:subfield code="b">Comité associé sur le Code national du bâtiment, </marc:subfield>
      <marc:subfield code="e">organisme de publication.</marc:subfield>
    </marc:datafield>
    <marc:datafield tag="775" ind1="0" ind2="8">
      <marc:subfield code="t">Building standards for the handicapped 1965 : </marc:subfield>
      <marc:subfield code="w">(CaOODSP)9.946139</marc:subfield>
    </marc:datafield>
    <marc:datafield tag="794" ind1=" " ind2=" ">
      <marc:subfield code="t">Normes de construction pour les handicapés 1970 : </marc:subfield>
      <marc:subfield code="w">(CaOODSP)9.946143</marc:subfield>
    </marc:datafield>
    <marc:datafield tag="856" ind1="4" ind2="0">
      <marc:subfield code="q">PDF</marc:subfield>
      <marc:subfield code="s">885 Ko</marc:subfield>
      <marc:subfield code="u">https://publications.gc.ca/collections/collection_2025/cnrc-nrc/NR24-28-1965-7-fra.pdf</marc:subfield>
    </marc:datafield>
    <marc:datafield tag="986" ind1=" " ind2=" ">
      <marc:subfield code="a">8333-F</marc:subfield>
    </marc:datafield>
  </marc:record>
</marc:collection>
